Language Quiz

Random Language or Italian Quiz

Fruit and Vegetables Quiz Stats

Quiz not verified by Sporcle

Challenge
Share
Tweet
Embed
Score 0/38 Timer 04:00
0 Plays Today
English Italian % Correct
Bananala banana
78.3%
Applela mela
78.3%
Orangel'arancia
65.2%
Strawberriesla fragola
65.2%
Carrotla carota
60.9%
Fruitla frutta
60.9%
Pearla pera
60.9%
Lemonil limone
56.5%
Tomatoil pomodoro
56.5%
Potatola patata
54.3%
Peachla pesca
52.2%
Onionla cipolla
45.7%
Melonil melone
45.7%
Mushroomsil fungo
41.3%
Grapesl'uva
39.1%
Saladl'insalata
37%
Pepperil pepe
37%
Vegetablesla verdura
37%
Garlicil aglio
32.6%
English Italian % Correct
Apricotl'albicocca
30.4%
Pineappleil ananas
30.4%
Cherryla ciliegia
23.9%
Beansi fagioli
23.9%
Water Melonl'anguria
19.6%
Cabbageil cavolo
19.6%
Auberginela melanzana
17.4%
Artichokeil carciofo
15.2%
Caulifloweril cavolfiore
15.2%
Raspberryil lampone
15.2%
Peasi piselli
15.2%
Cucumberil cetriolo
13%
String Beans, French Beansi fagiolini
13%
Grapefruitil pompelmo
13%
Leekil porro
6.5%
Olivel'olivia
2.2%
Celerylo sedano
2.2%
Red/green pepperil peperone rosso
0%
Courgettelo zucchino
0%

You're not logged in!

Compare scores with friends on all Sporcle quizzes.
Join for Free
OR
Log In

You Might Also Like...

Show Comments

Extras

Created May 16, 2011ReportNominate
Tags:Italian Quiz, fruit, vegetable

Top Quizzes Today


Score Distribution

Your Account Isn't Verified!

In order to create a playlist on Sporcle, you need to verify the email address you used during registration. Go to your Sporcle Settings to finish the process.

Report this User

Report this user for behavior that violates our Community Guidelines.

Details: